000
00343nam a22001577a 4500
003
OSt
008
250417b |||||||| |||| 00| 0 eng d
020
_a
9780241283912
082
_a
646.7 WIL
100
_a
WIKING,Meik
245
_a
Little Books of Hygge
260
_a
UK
_b
Penguin
300
_a
287
650
_a
General
942
_2
ddc
_c
REF
999
_c
13309
_d
13309